00329nam a2200121Ia 4500008004000000020001800040082001900058100003800077245002300115260005100138300001000189650000800199210210b2001 xxu||||| |||| 00| 0 eng d a81 259 1160 X a001.6424C LITP aLITVIN (Maria) and LITVIN (Gary). aProgramming in C++ aNew Delhi.bVikas publishing house ltd.,c2001 aA&S 8 aC++